Proceedings of the 7th international symposium plum and prune genetics : breeding and pomology : Plovdiv, Bulgaria, 20-24 August 2001 /

Bibliographic Details
Corporate Author: International Symposium on Plum and Prune Genetics Plovdiv, Bulgaria
Other Authors: Djouvinov, V., Dotchev, D., Gercheva, P.
Format: Conference Proceeding Book
Language:English
Published: Leuven, Belgium : ISHS, 2002.
Series:Acta horticulturae ; no. 577.
Subjects:

MARC

Tag First Indicator Second Indicator Subfields
LEADER 00000cam a2200000Ia 4500
001 in00001702390
005 20151024154027.0
008 020914s2002 be a b 101 0 eng d
020 |z 29066058951 
035 |a (OCoLC)ocm50604805 
040 |a OSU  |c OSU  |d TXA  |d UtOrBLW 
049 |a TXAM 
090 |a SB354  |b .I56 2001 
111 2 |a International Symposium on Plum and Prune Genetics  |n (7th :  |d 2001 :  |c Plovdiv, Bulgaria) 
245 1 0 |a Proceedings of the 7th international symposium plum and prune genetics :  |b breeding and pomology : Plovdiv, Bulgaria, 20-24 August 2001 /  |c editors, V. Djouvinov, D. Dotchev, P. Gercheva. 
246 3 0 |a 7th international symposium plum and prune genetics 
246 3 |a Seventh international symposium plum and prune genetics 
264 1 |a Leuven, Belgium :  |b ISHS,  |c 2002. 
300 |a 403 pages :  |b illustrations ;  |c 24 cm. 
336 |a text  |b txt  |2 rdacontent 
337 |a unmediated  |b n  |2 rdamedia 
338 |a volume  |b nc  |2 rdacarrier 
490 1 |a Acta horticulturae ;  |v 577 
650 0 |a Fruit-culture  |v Congresses. 
650 0 |a Prune  |x Breeding  |v Congresses. 
650 0 |a Plum  |x Breeding  |v Congresses. 
650 0 |a Orchards  |x Breeding  |v Congresses. 
700 1 |a Djouvinov, V. 
700 1 |a Dotchev, D. 
700 1 |a Gercheva, P. 
830 0 |a Acta horticulturae ;  |v no. 577. 
994 |a E0  |b TXA 
948 |a cataloged  |b h  |c 2002/9/23  |d c  |e bwalker  |f 12:34:26 pm 
999 |a MARS 
999 f f |s 60e46c3a-636f-3442-b683-6a5f679517c9  |i 4924966b-fa18-3019-a47b-8f83506b2fcd  |t 0 
952 f f |p ric  |a Texas A&M University  |b Rellis Campus  |c Joint Library Facility  |d Remote Storage  |t 0  |e SB354 .I56 2001  |h Library of Congress classification  |i unmediated -- volume  |m A14829124006 
998 f f |a SB354 .I56 2001  |t 0  |l Remote Storage